000 00942cam a2200169 4500500
005 20260111093510.0
041 _afre
042 _adc
100 1 0 _aDeleixhe, Martin
_eauthor
245 0 0 _aL’événement de la rencontre
260 _c2018.
500 _a73
520 _aLa Plateforme citoyenne de soutien aux réfugiés en Belgique, établie à l’été 2015 dans le parc Maximilien de Bruxelles en réaction à la politique sécuritaire du gouvernement, trouve sa justification dans la politique autant que dans la morale de l’hospitalité.
520 _aThe citizen support group to refugees in Belgium, established during the summer 2015 in the park Maximilien in Brussels can be explained by politics as well as by the morality of hospitality.
786 0 _nEsprit | Juillet-Août | 7 | 2018-08-31 | p. 130-138 | 0014-0759
856 4 1 _uhttps://shs.cairn.info/revue-esprit-2018-7-page-130?lang=fr&redirect-ssocas=7080
999 _c1626558
_d1626558